The ageing world (Record no. 667)

MARC details
000 -LEADER
fixed length control field 00875 a2200217 4500
008 - FIXED-LENGTH DATA ELEMENTS--GENERAL INFORMATION
fixed length control field 080820t xxu||||| |||| 00| 0 eng d
010 ## - LIBRARY OF CONGRESS CONTROL NUMBER
LC control number ENG-84894
020 ## - INTERNATIONAL STANDARD BOOK NUMBER
International Standard Book Number 8177589814
Terms of availability 599.00
035 ## - SYSTEM CONTROL NUMBER
System control number EN-68427
037 ## - SOURCE OF ACQUISITION
Source of stock number/acquisition D.B.Act / Pub
082 ## - DEWEY DECIMAL CLASSIFICATION NUMBER
Classification number 305.26
100 ## - MAIN ENTRY--PERSONAL NAME
Personal name Bagchi, Anil.
245 ## - TITLE STATEMENT
Title The ageing world
Statement of responsibility, etc Anil Bagchi.
260 ## - PUBLICATION, DISTRIBUTION, ETC. (IMPRINT)
Place of publication, distribution, etc Delhi
Name of publisher, distributor, etc Pearson Longman,
Date of publication, distribution, etc 2006.
300 ## - PHYSICAL DESCRIPTION
Extent xvii, 346 p.
Dimensions 24 cm. (Hb)
500 ## - GENERAL NOTE
General note Includes bibliographical references and index
650 ## - SUBJECT ADDED ENTRY--TOPICAL TERM
Topical term or geographic name as entry element Population aging.
942 ## - ADDED ENTRY ELEMENTS (KOHA)
Institution code [OBSOLETE] dpl
Koha item type English Books
Call number prefix 305.26 / BAG
Source of classification or shelving scheme Dewey Decimal Classification
Classification part 305.26
Call number suffix BAG
Holdings
Withdrawn status Lost status Damaged status Not for loan Home library Current library Date acquired Cost, normal purchase price Total Checkouts Full call number Barcode Date last seen Copy number Uniform Resource Identifier Cost, replacement price Price effective from Koha item type Source of classification or shelving scheme Collection code Shelving location
        D.B.Act.Division D.B.Act.Division 20/08/2008 599.00   305.26 BAG EN-68427 15/09/2008 1 649 599.00 15/09/2008 English Books      
        Sarojini Nagar Sarojini Nagar 18/04/2012 0.00   305.26 BAG B-225954 18/04/2012     0.00 18/04/2012 English Books Dewey Decimal Classification Non-fiction General Stacks

© Delhi Public Library
Hit Counter
free hit counter